[Event "PRO League Group Stage"]
[Site "chess.com INT"]
[Date "2019.02.13"]
[Round "6"]
[White "Wheeler, Cameron"]
[Black "Nagle, Sean"]
[Result "1-0"]
[WhiteTitle "IM"]
[BlackTitle "IM"]
[WhiteElo "2417"]
[BlackElo "2432"]
[WhiteTeam "Dallas Destiny"]
[BlackTeam "Minnesota Blizzard"]
[WhiteFideId "2060531"]
[BlackFideId "2013878"]
[EventDate "2019.01.08"]

1. d4 Nf6 2. c4 g6 3. Nf3 Bg7 4. g3 O-O 5. Bg2 d6 6. O-O c6 7. Nc3 Qa5 8. e4 Bg4
9. h3 Bxf3 10. Qxf3 Nbd7 11. Be3 Qb4 12. Qe2 Nb6 13. e5 Nfd7 14. e6 fxe6 15. c5
Nd5 16. Bg5 Rf7 17. Qxe6 Nf8 18. Nxd5 Nxe6 19. Nxb4 Nxg5 20. Rad1 a5 21. Nc2
dxc5 22. dxc5 Ne6 23. Rfe1 Nxc5 24. Bf1 b5 25. Bg2 Rc8 26. Nd4 Bxd4 27. Rxd4 Kf8
28. Rc1 Ne6 29. Rd7 Nd8 30. Rcd1 Ne6 31. Rc1 c5 32. Bd5 Rf6 33. Re1 Kf7 34. Rb7
Rd8 35. Bxe6+ Rxe6 36. Rxe6 Kxe6 37. Rxb5 Kd5 38. Rxa5 Rb8 39. b3 Kd4 40. Ra4+
Kd3 41. Rc4 Rb5 42. Kg2 e5 43. Kf3 h5 44. h4 Ra5 45. a4 Ra8 46. Rxc5 e4+ 47. Kg2
Rf8 48. Kg1 Rb8 49. Rd5+ Ke2 50. Rd4 Kf3 51. b4 Rc8 52. Rd2 e3 53. fxe3 Kxg3 54.
Rg2+ Kxh4 55. Rxg6 Kh3 56. Kf2 h4 57. Kf3 Rc4 58. Rb6 Kh2 59. a5 h3 60. a6 Kg1
61. Rg6+ Kf1 62. Rh6 Rxb4 63. Rxh3 Ke1 64. Rh1+ Kd2 65. Ra1 Rb8 66. a7 Ra8 67.
Ke4 Kc3 68. Kd5 Kb4 69. Kc6 Rxa7 70. Rxa7 Kc4 71. Rd7 1-0

[Event "PRO League Group Stage"]
[Site "chess.com INT"]
[Date "2019.02.13"]
[Round "6"]
[White "Zhu, Jiner"]
[Black "Beerdsen, Thomas"]
[Result "0-1"]
[WhiteTitle "WIM"]
[BlackTitle "IM"]
[WhiteElo "2424"]
[BlackElo "2484"]
[WhiteTeam "Dallas Destiny"]
[BlackTeam "Minnesota Blizzard"]
[WhiteFideId "8608059"]
[BlackFideId "1030108"]
[EventDate "2019.01.08"]

1. e4 c5 2. Nf3 d6 3. d4 cxd4 4. Nxd4 Nf6 5. Nc3 a6 6. Be3 Ng4 7. Bc1 Nc6 8.
Nxc6 bxc6 9. Be2 Nf6 10. Bf4 e5 11. Be3 Rb8 12. Rb1 Be7 13. O-O d5 14. exd5 cxd5
15. f4 exf4 16. Bxf4 Rb4 17. Be5 Be6 18. a3 Rh4 19. Bg3 Rh6 20. Bf4 Rg6 21. Bd3
Ng4 22. Bxg6 Bc5+ 23. Kh1 hxg6 24. Qf3 Nxh2 25. Bxh2 Rxh2+ 26. Kxh2 Qh4+ 27. Qh3
Bxh3 28. gxh3 Bd6+ 0-1

[Event "PRO League Group Stage"]
[Site "chess.com INT"]
[Date "2019.02.13"]
[Round "6"]
[White "Sarana, Alexey"]
[Black "Tiglon, Bryce"]
[Result "1-0"]
[WhiteTitle "GM"]
[BlackTitle "IM"]
[WhiteElo "2630"]
[BlackElo "2390"]
[WhiteTeam "Australia Kangaroos"]
[BlackTeam "Seattle Sluggers"]
[WhiteFideId "24133795"]
[BlackFideId "2087456"]
[EventDate "2019.01.08"]

1. d4 Nf6 2. c4 g6 3. Nc3 d5 4. Bf4 Bg7 5. e3 c5 6. dxc5 Qa5 7. Rc1 dxc4 8. Bxc4
O-O 9. Ne2 Nc6 10. O-O Qxc5 11. Nb5 Qh5 12. Nc7 Rb8 13. Nd5 e5 14. Nxf6+ Bxf6
15. Bg3 Bh4 16. Nc3 Qxd1 17. Rfxd1 Bxg3 18. hxg3 Rd8 19. Bd5 Bd7 20. Ne4 Kg7 21.
Nc5 Be8 22. a3 b6 23. Ne4 h6 24. f4 Rbc8 25. Nc3 Ne7 26. Ba2 f6 27. Be6 Rxd1+
28. Rxd1 Rb8 29. Ne4 Nc6 30. Nd6 Rd8 31. Nxe8+ Rxe8 32. Rd6 Nb8 33. fxe5 fxe5
34. Bd5 e4 35. Kf2 Re7 36. b4 g5 37. g4 Rd7 38. Rxd7+ Nxd7 39. Bxe4 Kf6 40. Bf5
Ne5 41. Ke2 Nc4 42. a4 Ke5 43. Bd3 Nd6 44. Kd2 Kd5 45. Kc3 Ke5 46. Bh7 Kd5 47.
Kd3 Ke5 48. Bg8 a6 49. Bc4 Nxc4 50. Kxc4 Ke4 51. a5 bxa5 52. bxa5 Kxe3 53. Kc5
Kf2 54. Kb6 Kxg2 55. Kxa6 Kg3 56. Kb6 Kxg4 57. a6 1-0

[Event "PRO League Group Stage"]
[Site "chess.com INT"]
[Date "2019.02.13"]
[Round "6"]
[White "Smirnov, Anton"]
[Black "Irgaliyev, Alikhan"]
[Result "1-0"]
[WhiteTitle "GM"]
[WhiteElo "2569"]
[BlackElo "2191"]
[WhiteTeam "Australia Kangaroos"]
[BlackTeam "Seattle Sluggers"]
[WhiteFideId "3208923"]
[BlackFideId "13705610"]
[EventDate "2019.01.08"]

1. d4 f5 2. Bf4 Nf6 3. e3 d6 4. Nc3 g6 5. h4 Nh5 6. Nh3 Bg7 7. Qd2 O-O 8. O-O-O
Nc6 9. Be2 Nxf4 10. Nxf4 e5 11. dxe5 dxe5 12. Qxd8 Rxd8 13. Rxd8+ Nxd8 14. Rd1
Nf7 15. Nfd5 c6 16. Ne7+ Kf8 17. Nxc8 Rxc8 18. Rd7 Nd8 19. h5 Rb8 20. Bc4 b5 21.
Bb3 c5 22. Nxb5 Rxb5 23. Rxd8+ Ke7 24. Rg8 Kf6 25. hxg6 hxg6 26. Ra8 Ra5 27. Kb1
g5 28. Bc4 g4 29. b3 e4 30. a4 g3 31. fxg3 Bh6 32. Kc1 Bxe3+ 33. Kd1 Bf2 34. Rg8
Ke5 35. Ke2 Bd4 36. g4 f4 37. Re8+ Kf6 38. Rxe4 Be3 39. Rxe3 fxe3 40. Kxe3 Kg5
41. Kf3 1-0

[Event "PRO League Group Stage"]
[Site "chess.com INT"]
[Date "2019.02.13"]
[Round "6"]
[White "Sargissian, Gabriel"]
[Black "Ly, Moulthun"]
[Result "1-0"]
[WhiteTitle "GM"]
[BlackTitle "GM"]
[WhiteElo "2689"]
[BlackElo "2486"]
[WhiteTeam "Seattle Sluggers"]
[BlackTeam "Australia Kangaroos"]
[WhiteFideId "13300881"]
[BlackFideId "3204405"]
[EventDate "2019.01.08"]

1. d4 Nf6 2. Nf3 e6 3. c4 b6 4. g3 Bb7 5. Bg2 Be7 6. O-O O-O 7. Re1 Na6 8. Nc3
Ne4 9. h4 Nxc3 10. bxc3 Be4 11. Ng5 Bxg2 12. Kxg2 Bxg5 13. hxg5 f6 14. gxf6 Qxf6
15. f3 Nb8 16. Qd3 Nc6 17. Rh1 Qf5 18. e4 Qg6 19. Rh4 Rf6 20. Rg4 Qf7 21. Bf4
Rf8 22. Rh1 Ne7 23. Rf1 d6 24. e5 dxe5 25. Bxe5 Rg6 26. Rxg6 Nxg6 27. Re1 Rd8
28. Qe4 c5 29. Qg4 Qf5 30. Qxf5 exf5 31. d5 b5 32. Bc7 Rd7 33. d6 bxc4 34. f4
Kf7 35. Kf3 Kf6 36. Re8 Kf7 37. Ra8 Nf8 38. Rxa7 Ne6 39. a4 Ke8 40. Ra8+ Kf7 41.
Rc8 g5 42. a5 g4+ 43. Kf2 Nxc7 44. Rxc7 Ke6 45. Rxd7 Kxd7 46. a6 1-0

[Event "PRO League Group Stage"]
[Site "chess.com INT"]
[Date "2019.02.13"]
[Round "6"]
[White "Mikhalevski, Victor"]
[Black "Song, Raymond"]
[Result "1/2-1/2"]
[WhiteTitle "GM"]
[BlackTitle "FM"]
[WhiteElo "2581"]
[BlackElo "2329"]
[WhiteTeam "Seattle Sluggers"]
[BlackTeam "Australia Kangaroos"]
[WhiteFideId "2801914"]
[BlackFideId "3203824"]
[EventDate "2019.01.08"]

1. d4 Nf6 2. Nf3 d5 3. c4 e6 4. g3 Bb4+ 5. Nbd2 O-O 6. Bg2 b6 7. O-O Bb7 8. Qc2
Nbd7 9. a3 Bd6 10. b4 c5 11. dxc5 bxc5 12. b5 a6 13. Rd1 axb5 14. cxb5 Qe7 15.
Bb2 c4 16. a4 Bb4 17. Nd4 Nc5 18. N2f3 Nfe4 19. Ne5 Qf6 20. f4 c3 21. Bc1 Ba5
22. Be3 Bb6 23. Ndc6 Nxa4 24. Bxb6 Nxb6 25. Bxe4 dxe4 26. Qxc3 Nd5 27. Qc5 Rfc8
28. Ra7 Bxc6 29. bxc6 Rxa7 30. Qxa7 Qe7 31. Qxe7 Nxe7 32. c7 g6 33. Rd8+ Kg7 34.
Rd7 Kf8 35. Rd8+ Kg7 36. Rxc8 Nxc8 37. Kf2 f6 38. Nc4 Kf7 39. Ke3 Ke7 40. Kxe4
Kd7 41. Kd4 Kxc7 42. Kc5 Kd7 43. e4 Ne7 44. e5 f5 45. Na5 Nd5 46. Nb3 Ne3 47.
Nd2 Kc7 48. Kd4 Ng4 49. Nf3 Kd7 50. h3 Nf2 51. Ng1 Ne4 52. Ne2 Nf2 53. h4 h6 54.
Ke3 Ng4+ 55. Kd4 Kc6 56. Ng1 Nf2 57. Ne2 h5 58. Kc4 Ne4 59. Nd4+ Kd7 60. Ne2 Kc6
61. Kd4 Kd7 62. Kd3 Kc6 63. Kc4 Kd7 64. Kb5 Kc7 65. Kc4 Kc6 66. Kd4 Kc7 67. Ke3
Kc6 68. Kd4 Kb6 69. Kc4 Kc6 70. Kd3 Kd5 71. Ke3 Kc4 72. Nd4 Kd5 73. Nb5 Kc6 74.
Nd4+ Kd5 75. Nb5 Kc6 76. Nd4+ Kd5 77. Ne2 Kc4 78. Nd4 Kd5 79. Ne2 Kc4 80. Nd4 1/2-1/2

[Event "PRO League Group Stage"]
[Site "chess.com INT"]
[Date "2019.02.13"]
[Round "6"]
[White "Khachiyan, Melikset"]
[Black "Shankland, Samuel"]
[Result "1-0"]
[WhiteTitle "GM"]
[BlackTitle "GM"]
[WhiteElo "2509"]
[BlackElo "2725"]
[WhiteTeam "San Diego Surfers"]
[BlackTeam "San Francisco Mechanics"]
[WhiteFideId "13300512"]
[BlackFideId "2004887"]
[EventDate "2019.01.08"]

1. e4 c5 2. Nf3 d6 3. Bb5+ Nd7 4. d4 cxd4 5. Qxd4 Nf6 6. Bg5 e6 7. Nc3 Be7 8.
Bxf6 gxf6 9. O-O-O a6 10. Bxd7+ Bxd7 11. Qd3 Qc7 12. Nd4 O-O-O 13. f4 Kb8 14. f5
Rc8 15. Kb1 h5 16. Qh3 Qa5 17. fxe6 fxe6 18. Nd5 Bd8 19. Nf4 Rc4 20. Ndxe6 Qe5
21. Ng6 Qxe4 22. Qd3 Qxe6 23. Nxh8 Bc6 24. Qxd6+ Qxd6 25. Rxd6 Bc7 26. Rxc6 bxc6
27. h3 Re4 28. Nf7 Re2 29. g4 hxg4 30. hxg4 Rg2 31. Nh6 Bf4 32. a3 Bxh6 33. Rxh6
Rxg4 34. Rxf6 Kb7 35. Rf5 Kb6 36. b4 Rh4 37. Kb2 Rg4 38. Kb3 Rg3+ 39. c3 Rg7 40.
a4 Rh7 41. a5+ Kb7 42. Kc4 Rg7 43. Kc5 Rh7 44. Re5 Rd7 45. c4 Rh7 46. Kd6 Rh4
47. Re7+ Kc8 48. Rc7+ Kd8 49. Rxc6 1-0

[Event "PRO League Group Stage"]
[Site "chess.com INT"]
[Date "2019.02.13"]
[Round "6"]
[White "Dreev, Aleksey"]
[Black "Negi, Parimarjan"]
[Result "0-1"]
[WhiteTitle "GM"]
[BlackTitle "GM"]
[WhiteElo "2670"]
[BlackElo "2656"]
[WhiteTeam "San Diego Surfers"]
[BlackTeam "San Francisco Mechanics"]
[WhiteFideId "4100107"]
[BlackFideId "5016690"]
[EventDate "2019.01.08"]

1. d4 Nf6 2. Nf3 g6 3. g3 Bg7 4. Bg2 O-O 5. O-O d5 6. c4 dxc4 7. Na3 c3 8. bxc3
c5 9. Re1 Nc6 10. Bb2 Bf5 11. d5 Nxd5 12. e4 Bxe4 13. Rxe4 Nxc3 14. Qxd8 Raxd8
15. Ree1 b6 16. Nc4 Nd5 17. Bxg7 Kxg7 18. a4 Ndb4 19. Red1 f6 20. Na3 e5 21. Nb5
Rxd1+ 22. Rxd1 Rf7 23. Rd6 Nd4 24. Nd2 a6 25. Nc3 b5 26. Nde4 bxa4 27. Nxa4 c4
28. Nec3 f5 29. Rd8 Rf8 30. Rd7+ Rf7 31. Rxf7+ Kxf7 32. Nb6 e4 33. Nxc4 Kf6 34.
Bf1 g5 35. Kg2 h6 36. Nb6 Nd3 37. Nd7+ Ke6 38. Bxd3 Kxd7 39. Bxa6 Ke6 40. Ne2
Nc6 41. Bb7 Ne7 42. g4 fxg4 43. Bxe4 Ke5 44. Bb7 Ng6 45. Kg3 h5 46. Bc8 Kf6 47.
Nc3 Ne7 48. Bd7 Kg6 49. Ne4 Nd5 50. Be8+ Kf5 51. Nd6+ Ke6 52. Nc4 Nf6 53. Bg6
h4+ 54. Kg2 Nd5 55. Be4 Nf4+ 56. Kf1 Kf6 57. Ne3 Ke5 58. Bh1 Nd3 59. Nxg4+ Kf4
60. Ne3 g4 61. Ng2+ Kg5 62. Ne1 Ne5 63. Bd5 Kf4 64. Ng2+ Kg5 65. Ke2 Ng6 66. Be4
Ne5 67. Ke3 Nc4+ 68. Kd4 Nd2 69. Ne3 Kf4 70. Nd5+ Kg5 71. Ne3 Kf4 72. Bd5 Nf3+
73. Bxf3 Kxf3 0-1

[Event "PRO League Group Stage"]
[Site "chess.com INT"]
[Date "2019.02.13"]
[Round "6"]
[White "Naroditsky, Daniel"]
[Black "Kiewra, Keaton"]
[Result "1-0"]
[WhiteTitle "GM"]
[BlackTitle "IM"]
[WhiteElo "2616"]
[BlackElo "2362"]
[WhiteTeam "San Francisco Mechanics"]
[BlackTeam "San Diego Surfers"]
[WhiteFideId "2026961"]
[BlackFideId "2019280"]
[EventDate "2019.01.08"]

1. b3 e5 2. Bb2 Nc6 3. Nf3 e4 4. Nd4 Nf6 5. e3 Nxd4 6. Bxd4 Be7 7. c4 O-O 8. Nc3
d6 9. Rc1 Re8 10. Qc2 Bf5 11. Be2 Bg6 12. Nd5 Nd7 13. Nxe7+ Qxe7 14. O-O Ne5 15.
Qb2 f6 16. c5 Nd3 17. Bxd3 exd3 18. cxd6 Qxd6 19. f3 a5 20. Qc3 Rec8 21. e4 Bf7
22. e5 fxe5 23. Bxe5 Qg6 24. Rce1 Bd5 25. Re3 c6 26. Rxd3 a4 27. Rd4 h5 28. Rxa4
b5 29. Rxa8 Rxa8 30. Qb2 Re8 31. d4 Ra8 32. Qd2 Qf5 33. h4 c5 34. Re1 c4 35. Kh2
Ra6 36. Bg3 Re6 37. Re5 Rxe5 38. dxe5 Qe6 39. bxc4 bxc4 40. a4 Qc6 41. Be1 Be6
42. a5 Qb5 43. Qd6 Kf7 44. a6 Qb1 45. Qb4 Qf5 46. a7 Bd5 47. Qd6 Qe6 48. Qc7+
Kg6 49. Bg3 Qc6 50. Qxc6+ Bxc6 51. Be1 Kf5 52. Bc3 Kf4 53. e6 Kf5 54. e7 1-0

[Event "PRO League Group Stage"]
[Site "chess.com INT"]
[Date "2019.02.13"]
[Round "6"]
[White "Wu, Rochelle"]
[Black "Sheng, Joshua"]
[Result "0-1"]
[WhiteTitle "WCM"]
[BlackTitle "IM"]
[WhiteElo "2154"]
[BlackElo "2451"]
[WhiteTeam "San Francisco Mechanics"]
[BlackTeam "San Diego Surfers"]
[WhiteFideId "30908132"]
[BlackFideId "2057360"]
[EventDate "2019.01.08"]

1. d4 Nf6 2. c4 e6 3. Nc3 Bb4 4. Qc2 d5 5. cxd5 Qxd5 6. Nf3 Qf5 7. Qxf5 exf5 8.
Bd2 c6 9. Ne5 Nbd7 10. Nxd7 Bxd7 11. g3 Be6 12. Bg2 Rd8 13. e3 Bxc3 14. Bxc3 Bd5
15. f3 O-O 16. O-O Rfe8 17. Rfe1 Re6 18. Kf2 g6 19. Bb4 b6 20. b3 Ra8 21. Bf1 a5
22. Bd2 a4 23. Rec1 Re7 24. Bb4 Rea7 25. bxa4 Rxa4 26. a3 g5 27. Bd3 g4 28. Bxf5
Bxf3 29. Rab1 Re8 30. Bd6 Be4 31. Be5 Bxf5 32. Bxf6 Bxb1 33. Rxb1 Rxa3 0-1

[Event "PRO League Group Stage"]
[Site "chess.com INT"]
[Date "2019.02.13"]
[Round "6"]
[White "Mamedyarov, Shakhriyar"]
[Black "Li, Di"]
[Result "1-0"]
[WhiteTitle "GM"]
[BlackTitle "IM"]
[WhiteElo "2817"]
[BlackElo "2488"]
[WhiteTeam "San Jose Hackers"]
[BlackTeam "Chengdu Pandas"]
[WhiteFideId "13401319"]
[BlackFideId "8607508"]
[EventDate "2019.01.08"]

1. e4 e5 2. Nf3 Nf6 3. Nxe5 d6 4. Nf3 Nxe4 5. Nc3 Nf6 6. d4 Be7 7. Bd3 O-O 8.
Be3 Nc6 9. a3 Re8 10. h3 d5 11. O-O Bd6 12. Nb5 Ne7 13. Re1 Bf5 14. Bf1 h6 15.
c4 dxc4 16. Bxc4 Ned5 17. Qb3 c6 18. Nxd6 Qxd6 19. Ne5 Re7 20. Bd2 Be6 21. Qg3
Nh5 22. Qf3 Nhf6 23. Qg3 Nh5 24. Qh4 Nhf6 25. Re2 Ree8 26. Bxh6 gxh6 27. Qg3+
Ng4 28. Rae1 h5 29. hxg4 hxg4 30. Bxd5 cxd5 31. Qf4 Kh7 32. Qf6 Qd8 33. Nxg4 1-0

[Event "PRO League Group Stage"]
[Site "chess.com INT"]
[Date "2019.02.13"]
[Round "6"]
[White "Li, Chao b"]
[Black "Ravuri, Vinesh"]
[Result "1-0"]
[WhiteTitle "GM"]
[WhiteElo "2699"]
[BlackElo "2042"]
[WhiteTeam "Chengdu Pandas"]
[BlackTeam "San Jose Hackers"]
[WhiteFideId "8604436"]
[BlackFideId "45042632"]
[EventDate "2019.01.08"]

1. Nf3 Nf6 2. g3 g6 3. b3 Bg7 4. Bb2 O-O 5. Bg2 c5 6. c4 d6 7. d4 Nc6 8. d5 Na5
9. O-O a6 10. Nc3 Rb8 11. Qd3 b5 12. cxb5 axb5 13. Ne4 c4 14. Nxf6+ Bxf6 15. Qd2
cxb3 16. Bxf6 exf6 17. Qb4 bxa2 18. Nd4 Bd7 19. Rxa2 Nc4 20. Nc6 Bxc6 21. dxc6
Qb6 22. Rfa1 Qc5 23. Qxc5 dxc5 24. Ra7 Ne5 25. c7 Rbc8 26. R1a5 c4 27. Rxb5 Rfe8
28. Rc5 Nd7 29. Rxc4 Nb6 30. Rc2 Re7 31. Ra6 1-0

[Event "PRO League Group Stage"]
[Site "chess.com INT"]
[Date "2019.02.13"]
[Round "6"]
[White "Safarli, Eltaj"]
[Black "Zhang, Di"]
[Result "1-0"]
[WhiteTitle "GM"]
[WhiteElo "2681"]
[BlackElo "1966"]
[WhiteTeam "San Jose Hackers"]
[BlackTeam "Chengdu Pandas"]
[WhiteFideId "13402129"]
[BlackFideId "8616590"]
[EventDate "2019.01.08"]

1. e4 c5 2. Nc3 e6 3. Nf3 Nc6 4. d4 cxd4 5. Nxd4 Nf6 6. g3 Bb4 7. Bg2 O-O 8. O-O
e5 9. Nde2 Bxc3 10. Nxc3 d6 11. h3 Be6 12. Be3 Qd7 13. Kh2 Rfd8 14. Bg5 Bc4 15.
Re1 Nd4 16. Be3 Nc6 17. b3 Be6 18. Qd2 Rac8 19. Nd5 b5 20. Nxf6+ gxf6 21. f4 f5
22. exf5 Bxf5 23. g4 exf4 24. Bxf4 Bg6 25. Bg5 Ne5 26. Bxd8 Rxc2 27. Qd5 Rc5 28.
Qd4 Qxd8 29. Rad1 Rc2 30. Rxe5 Qa8 31. Rd5 Rxa2 32. Rd2 1-0

[Event "PRO League Group Stage"]
[Site "chess.com INT"]
[Date "2019.02.13"]
[Round "6"]
[White "Yu, Yangyi"]
[Black "Yoo, Christopher Woojin"]
[Result "1-0"]
[WhiteTitle "GM"]
[BlackTitle "FM"]
[WhiteElo "2764"]
[BlackElo "2388"]
[WhiteTeam "Chengdu Pandas"]
[BlackTeam "San Jose Hackers"]
[WhiteFideId "8603820"]
[BlackFideId "30909694"]
[EventDate "2019.01.08"]

1. Nf3 Nf6 2. c4 g6 3. Nc3 d5 4. cxd5 Nxd5 5. h4 h6 6. e4 Nxc3 7. dxc3 Qxd1+ 8.
Kxd1 Nd7 9. Nd4 c6 10. Be3 e5 11. Nb3 a5 12. a4 f5 13. exf5 gxf5 14. Kc2 Nf6 15.
Re1 Kf7 16. Bb6 Be6 17. Rxe5 Bd6 18. Re1 Nd5 19. Bc5 Bc7 20. Nd4 Bd7 21. Bc4
Rae8 22. Nb5 Bb8 23. Nd6+ Bxd6 24. Bxd6 Rhg8 25. g3 Rg4 26. Be2 Rxe2+ 27. Rxe2
Rxa4 28. Rhe1 Kg6 29. b3 Re4 30. c4 Nf6 31. f3 Rxe2+ 32. Rxe2 b5 33. Re7 bxc4
34. bxc4 Be8 35. h5+ Kg5 36. Bf4+ Kxh5 37. Be5 f4 38. g4+ 1-0

[Event "PRO League Group Stage"]
[Site "chess.com INT"]
[Date "2019.02.13"]
[Round "6"]
[White "Zhou, Jianchao"]
[Black "Corrales Jimenez, Fidel"]
[Result "1/2-1/2"]
[WhiteTitle "GM"]
[BlackTitle "GM"]
[WhiteElo "2609"]
[BlackElo "2559"]
[WhiteTeam "Dallas Destiny"]
[BlackTeam "Minnesota Blizzard"]
[WhiteFideId "8603537"]
[BlackFideId "3506690"]
[EventDate "2019.01.08"]

1. d4 Nf6 2. c4 g6 3. Nc3 d5 4. cxd5 Nxd5 5. e4 Nxc3 6. bxc3 Bg7 7. Be3 c5 8.
Nf3 Bg4 9. Rc1 cxd4 10. cxd4 O-O 11. Be2 Nc6 12. d5 Ne5 13. Nxe5 Bxe2 14. Qxe2
Bxe5 15. O-O Qd7 16. f4 Bg7 17. Rfd1 Rfc8 18. Rxc8+ Rxc8 19. e5 Qa4 20. h3 b6
21. Rd4 Qa3 22. Rd3 Qa4 23. Kh2 h5 24. h4 Qe4 25. Qd1 Bh6 26. g3 Bf8 27. Bf2 f6
28. exf6 exf6 29. d6 Rc1 30. Qxc1 Qxd3 31. Qc7 Qd2 32. Kg1 Qd1+ 33. Kh2 Qd2 34.
Kg1 Qd1+ 35. Kh2 Qd2 36. Kg1 1/2-1/2

[Event "PRO League Group Stage"]
[Site "chess.com INT"]
[Date "2019.02.13"]
[Round "6"]
[White "Holt, Conrad"]
[Black "Tang, Andrew"]
[Result "0-1"]
[WhiteTitle "GM"]
[BlackTitle "GM"]
[WhiteElo "2548"]
[BlackElo "2487"]
[WhiteTeam "Dallas Destiny"]
[BlackTeam "Minnesota Blizzard"]
[WhiteFideId "2034387"]
[BlackFideId "2059630"]
[EventDate "2019.01.08"]

1. d4 d5 2. c4 e6 3. Nc3 Be7 4. cxd5 exd5 5. Bf4 c6 6. e3 Bf5 7. Nge2 Nd7 8. Ng3
Bg6 9. h4 Bxh4 10. Qb3 Bxg3 11. Bxg3 Nb6 12. a4 a5 13. Rc1 Rc8 14. Be5 Nf6 15.
Bxf6 gxf6 16. Ne2 O-O 17. Nf4 Re8 18. Be2 Rb8 19. Kf1 Nc8 20. Nxg6 hxg6 21. Rxc6
bxc6 22. Qxb8 Nd6 23. Qb3 Qb8 24. Qc2 Kg7 25. Bd3 Rc8 26. Qc1 f5 27. g3 Qb4 28.
g4 fxg4 29. e4 Qxd4 30. Qh6+ Kg8 31. Be2 Re8 32. exd5 cxd5 33. Bxg4 Qc4+ 34. Kg2
Qxg4+ 35. Kf1 Qc4+ 36. Kg2 Qe4+ 37. Kg1 Qd4 38. Qh7+ Kf8 39. Qh6+ Qg7 40. Qf4
Nf5 41. Rh3 Qd4 42. Qxd4 Nxd4 43. Rd3 Re4 44. Kg2 Ne6 45. Kg3 Rd4 46. Rb3 Rxa4
47. Rb5 d4 48. Rd5 Rb4 49. Rxa5 Rxb2 50. Rd5 Rb3+ 51. Kg4 f5+ 52. Kh4 Rh3+ 53.
Kxh3 Nf4+ 54. Kh4 Nxd5 55. Kg5 d3 0-1

[Event "PRO League Group Stage"]
[Site "chess.com INT"]
[Date "2019.02.13"]
[Round "6"]
[White "Beerdsen, Thomas"]
[Black "Wheeler, Cameron"]
[Result "1/2-1/2"]
[WhiteTitle "IM"]
[BlackTitle "IM"]
[WhiteElo "2484"]
[BlackElo "2417"]
[WhiteTeam "Minnesota Blizzard"]
[BlackTeam "Dallas Destiny"]
[WhiteFideId "1030108"]
[BlackFideId "2060531"]
[EventDate "2019.01.08"]

1. e4 e6 2. d4 d5 3. Bd3 dxe4 4. Bxe4 Nf6 5. Bf3 c5 6. Ne2 Nc6 7. Be3 cxd4 8.
Nxd4 Bd7 9. Nc3 Bb4 10. Nb5 Ne5 11. a3 Bxc3+ 12. Nxc3 Bc6 13. Bxc6+ Nxc6 14. Qf3
Qa5 15. O-O O-O 16. b4 Qe5 17. Na4 Rac8 18. Rad1 Qb5 19. Nc5 b6 20. Nd3 Ne5 21.
Nxe5 Qxe5 22. Bd4 Qe4 23. Qg3 Qg6 24. Bxf6 Qxf6 25. Rd7 Rc3 26. Qd6 Rxa3 27. c4
Ra1 28. g3 g6 29. c5 bxc5 30. bxc5 Rc8 31. c6 Ra6 32. Rc7 Rd8 33. Rd7 Rc8 34.
Rc1 Ra2 35. Rf1 Ra6 1/2-1/2

[Event "PRO League Group Stage"]
[Site "chess.com INT"]
[Date "2019.02.13"]
[Round "6"]
[White "Nagle, Sean"]
[Black "Zhu, Jiner"]
[Result "0-1"]
[WhiteTitle "IM"]
[BlackTitle "WIM"]
[WhiteElo "2432"]
[BlackElo "2424"]
[WhiteTeam "Minnesota Blizzard"]
[BlackTeam "Dallas Destiny"]
[WhiteFideId "2013878"]
[BlackFideId "8608059"]
[EventDate "2019.01.08"]

1. Nf3 Nf6 2. c4 e6 3. g3 d5 4. d4 Bb4+ 5. Bd2 Be7 6. Bg2 O-O 7. O-O c6 8. Qc2
b6 9. Bf4 Nbd7 10. Nc3 Ba6 11. cxd5 cxd5 12. Rfc1 Qc8 13. a4 Qb7 14. Nb5 Rfc8
15. Qd1 Ne8 16. Qd2 f6 17. h4 Nf8 18. Bh3 Bxb5 19. axb5 Nd6 20. Bxd6 Bxd6 21.
Qe3 Kf7 22. Qd3 a5 23. bxa6 Rxc1+ 24. Rxc1 Rxa6 25. Qb3 Ra5 26. Nd2 g6 27. Bg2
Qd7 28. e4 Qb5 29. exd5 exd5 30. Qe3 Ra7 31. Qb3 Ra5 32. Qe3 Qxb2 33. Rb1 Ra1
34. Bxd5+ Kg7 35. Rxa1 Qxa1+ 36. Kg2 Qa5 37. Bb3 b5 38. Ne4 Qb6 39. Kh2 b4 40.
Qd3 Qc6 41. Nxd6 Qxd6 42. Qc4 Nd7 43. Kh3 Nb6 44. Qf7+ Kh6 45. g4 Nd7 46. f4
Qxf4 47. g5+ fxg5 48. hxg5+ Kxg5 49. Qxd7 Qf3+ 50. Kh2 Qxb3 51. Qxh7 Qb2+ 52.
Kg3 Qc3+ 53. Kg2 Qd2+ 54. Kf3 Qxd4 55. Qb7 Qf4+ 56. Kg2 Kh6 57. Kh3 Qe3+ 58. Kg4
b3 59. Qh1+ Kg7 60. Qb7+ Kf6 61. Qc6+ Qe6+ 0-1

[Event "PRO League Group Stage"]
[Site "chess.com INT"]
[Date "2019.02.13"]
[Round "6"]
[White "Mikhalevski, Victor"]
[Black "Sarana, Alexey"]
[Result "1-0"]
[WhiteTitle "GM"]
[BlackTitle "GM"]
[WhiteElo "2581"]
[BlackElo "2630"]
[WhiteTeam "Seattle Sluggers"]
[BlackTeam "Australia Kangaroos"]
[WhiteFideId "2801914"]
[BlackFideId "24133795"]
[EventDate "2019.01.08"]

1. d4 Nf6 2. Nf3 d5 3. c4 e6 4. g3 Bb4+ 5. Bd2 Be7 6. Bg2 c6 7. O-O Nbd7 8. Qc2
O-O 9. Rd1 b6 10. Bf4 Ba6 11. b3 Rc8 12. Ne5 Nxe5 13. Bxe5 c5 14. dxc5 Bxc5 15.
e3 Qe7 16. Nd2 Ng4 17. Bb2 Rfd8 18. h3 Nf6 19. a3 Bd6 20. Bc3 dxc4 21. bxc4 Nd7
22. Qb2 f6 23. a4 Be5 24. a5 Bxc3 25. Qxc3 b5 26. Ne4 b4 27. Qb2 f5 28. Nd6 Rb8
29. Rab1 Nc5 30. Qe5 Qc7 31. Rd5 h6 32. Nxf5 Qxe5 33. Rxe5 Nd3 34. Rxe6 Bc8 35.
Ne7+ Kf7 36. Re4 Bb7 37. Nd5 Bxd5 38. cxd5 b3 39. Rd4 Nc5 40. e4 b2 41. e5 Rdc8
42. Kh2 Ke8 43. d6 Nd7 44. e6 Rc1 45. exd7+ Kxd7 46. Be4 Rb5 47. Rd2 Rxb1 48.
Bxb1 g5 49. Kg2 Rxa5 50. Rxb2 Kxd6 51. Kf3 h5 52. Ke4 Re5+ 53. Kd4 Re1 54. Bd3
Rh1 55. Bf5 h4 56. gxh4 gxh4 57. Bg4 Ra1 58. f4 Ra4+ 59. Ke3 a5 60. Rb6+ Ke7 61.
f5 Kf7 62. Bh5+ Kg7 63. f6+ Kh6 64. f7+ Kg7 65. Rb8 Ra3+ 66. Kd4 Ra4+ 67. Ke5 1-0